reer Planning and Higher Education among Post Graduaction Students of SGT University , Gurugaon , Haryana (Record no. 29411)

MARC details
000 -LEADER
fixed length control field 00302nam a22001097a 4500
003 - CONTROL NUMBER IDENTIFIER
control field SGT
082 ## - DEWEY DECIMAL CLASSIFICATION NUMBER
Classification number 370,ARC
100 ## - MAIN ENTRY--PERSONAL NAME
Personal name Archana Singh-201001004
245 ## - TITLE STATEMENT
Title reer Planning and Higher Education among Post Graduaction Students of SGT University , Gurugaon , Haryana
260 ## - PUBLICATION, DISTRIBUTION, ETC. (IMPRINT)
Year of Publication 2020
942 ## - ADDED ENTRY ELEMENTS (KOHA)
Source of classification or shelving scheme Dewey Decimal Classification
Koha item type Thesis/Dissertation
Holdings
Withdrawn status Lost status Source of classification or shelving scheme Damaged status Not for loan Collection code Home library Current library Shelving location Date acquired Total Checkouts Full call number Accession No. (Barcode) Date last seen Bill Date Koha item type
    Dewey Decimal Classification   Not For Loan EDUCATION SGT Engineering Library SGT Engineering Library On Display 27/01/2025   370,ARC EDMD07 27/01/2025 27/01/2025 Thesis/Dissertation